000 00574nam a22001937a 4500
005 20260224162424.0
008 260224b |||||||| |||| 00| 0 eng d
020 _a978-1-7935-1427-1
050 _aQA 276 .H86 2022
100 _aHUMPHREYS,NATALIA A
245 _aPROBABILITY AND STATISTICS FOR ACTUARIES
250 _a1ST EDITION
260 _aSAN DIEGO
_bCOGNELLA,INC
_c2022
300 _aX,280P.
500 _aINCLUDES BIBLIOGRAPHICAL REFERENCES AND INDEXES
650 _a1.PROBABILITIES 2.MATHEMATICAL STATISTICS
700 _aKOSHEVNIK,YULY
942 _2lcc
_cBK
999 _c216623
_d216623